| 000 | 00319nam a2200121Ia 4500 | ||
|---|---|---|---|
| 008 | 240731s9999 xx 000 0 und d | ||
| 022 | _a2324-5344 | ||
| 245 | 0 | _aRobotic Surgery: Research and Reviews | |
| 260 | _bDove Medical Press | ||
| 856 | _uhttps://www.tandfonline.com/loi/drsr20 | ||
| 942 | _2ddc | ||
| 942 | _cTFEJ | ||
| 999 |
_c79263 _d79263 |
||
| 945 |
_a1 _bMadushi Gamage _c1 _dMadushi Gamage |
||